000 00799nas a2200253 4500
001 BR8600797
003 BR-BrBNA
005 20231205090345.0
007 ta
008 230509b bl.|||p| |||| 00| 00por d
040 _aBR-BrBNA
_bpor
_cBiblioteca Nacional de Agricultura
041 _a(Pt)
072 _aF02
100 1 _aSampaio, V.R.
100 1 _aBarbin, D.
245 1 _aPropagacao da pereira atraves de estacas folhosas em ambiente de nebulizacao
246 1 _aPear propagation with leaf cutting under mist
650 _aPERA
650 _aESTACA
650 _aENRAIZAMENTO
773 0 _tAnais da Escola Superior de Agricultura Luiz de Queiroz (Brazil)
_xISSN 0071-1276
_g(1983), v. 40(1) p. 509-517
_wBR8600797
909 _a202311
_bLúcia
_c55
_dLúcia Elande
942 _2AGRIS
_n0
_cANA
999 _c117841
_d117841